| 000 | 00778nam a2200301Ia 4500 | ||
|---|---|---|---|
| 008 | 160803s9999 xx 000 0 und d | ||
| 020 | _a978-0525472193 | ||
| 100 | _aGeorge, Jean Craighead | ||
| 245 | _aCharlie's raven / | ||
| 245 | _cwritten and illustrated by Jean Craighead George. | ||
| 260 | _aNew York : | ||
| 260 | _bScholastic Inc. | ||
| 260 | _c2004 | ||
| 300 | _a190 pages : | ||
| 300 | _billustrations ; | ||
| 300 | _c22 cm. | ||
| 650 | _aGrandfathers -- | ||
| 650 | _aGrandparent and child -- | ||
| 650 | _aNaturalists -- | ||
| 650 | _aRavens -- | ||
| 650 | _aRavens -- | ||
| 650 | _xFiction. | ||
| 650 | _xFiction. | ||
| 650 | _xJuvenile fiction. | ||
| 650 | _xJuvenile fiction. | ||
| 650 | _xJuvenile fiction. | ||
| 700 | _a710 | ||
| 999 |
_c298089 _d298089 |
||